[Event "AUS-ch Major"]
[Site "Sydney"]
[Date "2020.01.12"]
[Round "10"]
[White "Sheldrick, Kevin"]
[Black "Camer, Angelito"]
[Result "1-0"]
[WhiteElo "2014"]
[BlackElo "2003"]
[PlyCount "83"]
[EventDate "2020.01.02"]
[EventType "swiss"]
[EventRounds "11"]
[EventCountry "AUS"]
[SourceTitle "CBM 195 Extra"]
[Source "ChessBase"]
[SourceDate "2020.05.31"]
[SourceVersion "1"]
[SourceVersionDate "2020.05.31"]
[SourceQuality "1"]

1. e4 c5 2. d4 cxd4 3. c3 g6 4. cxd4 d5 5. exd5 Qxd5 6. Nc3 Qa5 7. Bc4 Nf6 8. Qb3 e6 9. Bf4 a6 10. Nf3 b5 11. Be2 Bb7 12. 0-0 Nbd7 13. Rfe1 Rc8 14. Bxb5 axb5 15. Rxe6+ fxe6 16. Qxe6+ Kd8 17. Ng5 Rc6 18. Qe2 b4 19. Re1 Ba6 20. Qf3 Qb6 21. Nd5 Nxd5 22. Qxd5 Rf6 23. Be5 Be7 24. Bxf6 Bxf6 25. Nf7+ Kc8 26. Nxh8 Bxh8 27. Rc1+ Kb8 28. Qg8+ Ka7 29. Qxh8 Nf6 30. Qg7+ Bb7 31. Rc5 Ne4 32. Rc7 Kb8 33. Re7 Qc6 34. Qe5+ Ka7 35. Rc7 Qb6 36. h3 Ka6 37. Rxh7 Nf6 38. Rf7 Nd5 39. Rf3 Qc6 40. Kh2 Qc2 41. Qd6+ Bc6 42. h4 1-0

[Event "AUS-ch Major"]
[Site "Sydney"]
[Date "2020.01.11"]
[Round "9"]
[White "Spuler, David"]
[Black "Sheldrick, Kevin"]
[Result "0-1"]
[WhiteElo "1906"]
[BlackElo "2014"]
[PlyCount "70"]
[EventDate "2020.01.02"]
[EventType "swiss"]
[EventRounds "11"]
[EventCountry "AUS"]
[SourceTitle "CBM 195 Extra"]
[Source "ChessBase"]
[SourceDate "2020.05.31"]
[SourceVersion "1"]
[SourceVersionDate "2020.05.31"]
[SourceQuality "1"]

1. e4 Nc6 2. Nf3 d5 3. exd5 Qxd5 4. Nc3 Qa5 5. Bb5 Bd7 6. 0-0 0-0-0 7. Re1 a6 8. Bxc6 Bxc6 9. Ne5 Be8 10. Qf3 Nf6 11. b4 Qb6 12. a4 e6 13. a5 Qa7 14. Rb1 Bd6 15. b5 axb5 16. Nxb5 Qa6 17. Nxd6+ Rxd6 18. Ba3 Rd5 19. Bb4 Nd7 20. Nxf7 Rf5 21. Qxf5 exf5 22. Nxh8 Nf6 23. Re7 Bc6 24. Rxg7 Qe2 25. f3 Nd5 26. Bc5 Qxd2 27. Bf2 Nc3 28. Re1 Ne2+ 29. Kh1 f4 30. Nf7 Qxc2 31. Ne5 Bd5 32. Re7 c5 33. Re8+ Kc7 34. Re7+ Kd6 35. Nf7+ Kxe7 0-1

[Event "AUS-ch Major"]
[Site "Sydney"]
[Date "2020.01.06"]
[Round "5"]
[White "Boylan, Peter"]
[Black "Sheldrick, Kevin"]
[Result "0-1"]
[WhiteElo "1636"]
[BlackElo "2014"]
[PlyCount "78"]
[EventDate "2020.01.02"]
[EventType "swiss"]
[EventRounds "11"]
[EventCountry "AUS"]
[SourceTitle "CBM 195 Extra"]
[Source "ChessBase"]
[SourceDate "2020.05.31"]
[SourceVersion "1"]
[SourceVersionDate "2020.05.31"]
[SourceQuality "1"]

1. e4 e6 2. d4 d5 3. Nc3 dxe4 4. Nxe4 Qd5 5. Nc3 Bb4 6. Nf3 Nf6 7. Bd2 Bxc3 8. Bxc3 b6 9. g3 Qe4+ 10. Qe2 Bb7 11. Bg2 Qxe2+ 12. Kxe2 Nc6 13. Rhe1 0-0-0 14. Kf1 Nd5 15. Ne5 Nxe5 16. Bxd5 Ba6+ 17. Kg2 Rxd5 18. Rxe5 Rxe5 19. dxe5 Rd8 20. f4 c5 21. Kf2 Bb7 22. Ke1 Bf3 23. Bd2 Kb7 24. Be3 Kc6 25. Rc1 b5 26. c4 b4 27. Rc2 Rd1+ 28. Kf2 Be4 29. Rd2 Rxd2+ 30. Bxd2 Bd3 31. a3 a5 32. Ke3 Bxc4 33. axb4 cxb4 34. Kd4 Kb5 35. g4 Be2 36. h3 Ka4 37. Kc5 Kb3 38. Kb6 a4 39. Ka5 a3 0-1

[Event "RA-2018-0-00587"]
[Site "LSS email"]
[Date "2018.07.13"]
[Round "?"]
[White "Willmann, Bernd"]
[Black "Sheldrick, Kevin"]
[Result "1-0"]
[WhiteElo "2267"]
[BlackElo "2037"]
[PlyCount "109"]
[EventDate "2018.06.02"]
[EventType "tourn (corr)"]
[EventRounds "6"]
[EventCountry "GER"]
[SourceTitle "Corr 2022"]
[Source "ChessBase"]
[SourceDate "2021.10.24"]
[SourceVersion "1"]
[SourceVersionDate "2021.10.24"]
[SourceQuality "1"]

1. d4 Nf6 2. Nf3 e6 3. c4 b6 4. g3 Bb7 5. Bg2 Be7 6. 0-0 d5 7. cxd5 exd5 8. Nc3 0-0 9. Bf4 Na6 10. Rc1 Nh5 11. Bd2 Nf6 12. Bf4 h6 13. a3 c5 14. Qc2 Qd7 15. Ne5 Qe6 16. Qb1 Rfc8 17. dxc5 bxc5 18. Nc4 g5 19. Be5 Bc6 20. Bxf6 Bxf6 21. Na5 Bxc3 22. Nxc6 Rxc6 23. Rxc3 Rb8 24. Rd1 Nc7 25. Re3 Qd7 26. Qc1 Qf5 27. b3 c4 28. Rc3 Nb5 29. Rc2 Nd4 30. Rxd4 cxb3 31. Rxc6 b2 32. Qf1 b1Q 33. Rd1 Qb5 34. Rxh6 Rd8 35. h4 g4 36. a4 Qxa4 37. e4 Qe5 38. exd5 Qc2 39. Re1 Qd4 40. Rh5 Qdd3 41. Rg5+ Kf8 42. Be4 Qxf1+ 43. Kxf1 Qc8 44. Kg2 Qd7 45. h5 Re8 46. h6 f5 47. Rh1 fxe4 48. h7 Kf7 49. h8Q Rxh8 50. Rxh8 Qb5 51. Rf5+ Kg6 52. Re5 e3 53. Rxe3 Qxd5+ 54. Kg1 Qd1+ 55. Kh2 1-0

[Event "Begonia op 52nd"]
[Site "Ballarat"]
[Date "2018.03.11"]
[Round "4"]
[White "Sheldrick, Kevin"]
[Black "Gooch, Heath"]
[Result "1-0"]
[WhiteElo "2092"]
[BlackElo "1706"]
[PlyCount "49"]
[EventDate "2018.03.10"]
[EventType "swiss"]
[EventRounds "7"]
[EventCountry "AUS"]
[SourceTitle "EXT 2019"]
[Source "ChessBase"]
[SourceDate "2018.10.10"]
[SourceVersion "1"]
[SourceVersionDate "2018.10.10"]
[SourceQuality "1"]

1. e4 c6 2. d4 d5 3. e5 Bf5 4. h4 h5 5. Bg5 Qb6 6. Bd3 Bxd3 7. Qxd3 Qxb2 8. e6 Qxa1 9. Qb3 Qxd4 10. Qxb7 Qe5+ 11. Be3 fxe6 12. Nf3 Qd6 13. Qxa8 Kf7 14. Bxa7 Nd7 15. Ng5+ Kg6 16. Qe8+ Kf5 17. Rh3 Ngf6 18. Rf3+ Kg4 19. Qg6 Rh6 20. Qd3 Ne5 21. Rf4+ Kxf4 22. Nh3+ Kg4 23. Qg3+ Kf5 24. Qg5+ Ke4 25. Nc3# 1-0

[Event "AUS-ch Major"]
[Site "Cammeray"]
[Date "2018.01.12"]
[Round "11"]
[White "Sheldrick, Kevin"]
[Black "Davis, Tony J"]
[Result "1-0"]
[WhiteElo "2119"]
[BlackElo "1902"]
[PlyCount "69"]
[EventDate "2018.01.02"]
[EventType "swiss"]
[EventRounds "11"]
[EventCountry "AUS"]
[SourceTitle "CBM 182 Extra"]
[Source "ChessBase"]
[SourceDate "2018.02.23"]
[SourceVersion "1"]
[SourceVersionDate "2018.02.23"]
[SourceQuality "1"]

1. d4 d5 2. Nf3 c6 3. e3 Nf6 4. c4 a6 5. Qb3 b5 6. cxb5 axb5 7. Bd3 g6 8. Nc3 Bg7 9. 0-0 0-0 10. Bd2 Nfd7 11. a4 bxa4 12. Rxa4 Rxa4 13. Nxa4 Qc7 14. Rc1 e5 15. dxe5 Nxe5 16. Nxe5 Bxe5 17. f4 Bd6 18. Qc3 Qa7 19. Nc5 Re8 20. b4 Bf8 21. b5 cxb5 22. Bxb5 Nd7 23. Nd3 Bg7 24. Qc7 Qxc7 25. Rxc7 Rd8 26. Ba5 Nf8 27. Rc1 Bd7 28. Bxd8 Bxb5 29. Nb4 Bc4 30. Bb6 Nd7 31. Ba7 Bf8 32. Nc6 Nc5 33. Ne5 Nd3 34. Nxd3 Bxd3 35. Rc8 1-0

[Event "AUS-ch Major"]
[Site "Cammeray"]
[Date "2018.01.09"]
[Round "8"]
[White "Sheldrick, Kevin"]
[Black "Mann, Anthony"]
[Result "1-0"]
[WhiteElo "2119"]
[BlackElo "1668"]
[PlyCount "49"]
[EventDate "2018.01.02"]
[EventType "swiss"]
[EventRounds "11"]
[EventCountry "AUS"]
[SourceTitle "CBM 182 Extra"]
[Source "ChessBase"]
[SourceDate "2018.02.23"]
[SourceVersion "1"]
[SourceVersionDate "2018.02.23"]
[SourceQuality "1"]

1. e4 c6 2. c4 d5 3. cxd5 cxd5 4. exd5 Qxd5 5. Nc3 Qd8 6. d4 Nf6 7. Nf3 e6 8. Bd3 Nc6 9. 0-0 Be7 10. Re1 Nb4 11. Bb1 Bd7 12. a3 Nbd5 13. Qd3 Qc7 14. Ne5 Bc6 15. Bc2 Nxc3 16. bxc3 Rc8 17. Bg5 a6 18. c4 h6 19. Bh4 Nh7 20. Nxf7 Kxf7 21. Qg6+ Kf8 22. Bxe7+ Kxe7 23. Qxg7+ Kd6 24. c5+ Kd5 25. Bb3# 1-0

[Event "Begonia op 48th"]
[Site "Ballarat"]
[Date "2014.03.08"]
[Round "7"]
[White "Pyke, Malcolm"]
[Black "Sheldrick, Kevin"]
[Result "0-1"]
[WhiteElo "2117"]
[BlackElo "2072"]
[PlyCount "130"]
[EventDate "2014.03.08"]
[EventType "swiss"]
[EventRounds "7"]
[EventCountry "AUS"]
[SourceTitle "EXT 2023"]
[Source "ChessBase"]
[SourceDate "2022.10.05"]
[SourceVersion "1"]
[SourceVersionDate "2022.10.05"]
[SourceQuality "1"]

1. d4 Nf6 2. Nf3 c5 3. e3 g6 4. dxc5 Qa5+ 5. Nbd2 Bg7 6. a3 Qxc5 7. b4 Qc7 8. Bb2 0-0 9. c4 b6 10. Be2 Bb7 11. Rc1 d6 12. 0-0 Nbd7 13. Qb3 Rac8 14. Rfd1 Ng4 15. Bxg7 Kxg7 16. Qb2+ Kg8 17. Nd4 Nge5 18. N2f3 Be4 19. Nxe5 Nxe5 20. f3 Ba8 21. Nb3 Rfd8 22. Nd2 Qd7 23. Nf1 Qe6 24. Qd4 Bb7 25. e4 Rc7 26. Rc3 Rdc8 27. Rdc1 Nc6 28. Qd2 Qe5 29. Ne3 Nd4 30. Bf1 h5 31. Kh1 h4 32. Ng4 Qg7 33. Qh6 Qxh6 34. Nxh6+ Kg7 35. Ng4 h3 36. Ne3 e5 37. Rd3 b5 38. Rdc3 f5 39. Bd3 f4 40. Ng4 bxc4 41. Rxc4 Rxc4 42. Rxc4 Rxc4 43. Bxc4 hxg2+ 44. Kxg2 Nc2 45. Kf1 Nxa3 46. Bd3 Bc6 47. Nf2 Kf6 48. Nd1 Bb5 49. Ke2 Kg5 50. Nc3 Bxd3+ 51. Kxd3 Kh4 52. Nd5 Nb5 53. Ne7 g5 54. Ke2 Kh3 55. Kf2 Kxh2 56. Nf5 Kh3 57. Nh6 Kh4 58. Kg2 Kh5 59. Ng8 Kg6 60. Ne7+ Kf7 61. Nd5 Ke6 62. Kf2 Kd7 63. Nf6+ Kc6 64. Nh7 Nd4 65. Nxg5 Nc2 0-1

[Event "South Australia-ch"]
[Site "Adelaide"]
[Date "2011.03.15"]
[Round "5"]
[White "Sheldrick, Kevin"]
[Black "Sykes, Alexander K"]
[Result "1-0"]
[WhiteElo "2181"]
[BlackElo "2068"]
[PlyCount "65"]
[EventDate "2011.02.15"]
[EventType "swiss"]
[EventRounds "9"]
[EventCountry "AUS"]
[SourceTitle "EXT 2023"]
[Source "ChessBase"]
[SourceDate "2022.10.05"]
[SourceVersion "1"]
[SourceVersionDate "2022.10.05"]
[SourceQuality "1"]

1. d4 Nf6 2. Nc3 c5 3. Bg5 cxd4 4. Qxd4 Nc6 5. Qh4 d6 6. 0-0-0 a6 7. e4 b5 8. f4 b4 9. Bxf6 gxf6 10. Nd5 Be6 11. f5 Bd7 12. Bc4 Ne5 13. Rd4 a5 14. Nf3 Rc8 15. Nxe5 fxe5 16. Qh5 Bh6+ 17. Qxh6 exd4 18. Qg7 Rf8 19. Qxd4 Rc5 20. Re1 Qc8 21. b3 Bb5 22. Bxb5+ Rxb5 23. e5 Qc5 24. Nc7+ Qxc7 25. exd6 Qc3 26. Rxe7+ Kd8 27. Qe4 Qa1+ 28. Kd2 Qc3+ 29. Kd1 Rb8 30. Rc7 Re8 31. Qh4+ f6 32. Rxc3 bxc3 33. Qxh7 1-0

[Event "Adelaide Labour Day op"]
[Site "Adelaide"]
[Date "2010.10.02"]
[Round "2"]
[White "Sheldrick, Kevin"]
[Black "Kerr, Bill"]
[Result "1-0"]
[WhiteElo "2072"]
[BlackElo "1833"]
[PlyCount "45"]
[EventDate "2010.10.02"]
[EventType "swiss"]
[EventRounds "6"]
[EventCountry "AUS"]
[SourceTitle "EXT 2023"]
[Source "ChessBase"]
[SourceDate "2022.10.05"]
[SourceVersion "1"]
[SourceVersionDate "2022.10.05"]
[SourceQuality "1"]

1. g4 d5 2. Bg2 Bxg4 3. c4 c6 4. Qb3 Qc7 5. cxd5 e5 6. Nc3 Nf6 7. Nf3 Bc5 8. Nxe5 cxd5 9. Nxg4 Nxg4 10. Nxd5 Qd7 11. Qxb7 Bxf2+ 12. Kf1 Qxb7 13. Nf6+ gxf6 14. Bxb7 Nd7 15. Bxa8 Bb6 16. h3 Nge5 17. b3 Bd4 18. Rb1 0-0 19. Bd5 Nb6 20. Be4 Rc8 21. e3 Ng6 22. exd4 Nh4 23. Rg1+ 1-0

[Event "South Australia-ch"]
[Site "Adelaide"]
[Date "2010.03.02"]
[Round "5"]
[White "Sheldrick, Kevin"]
[Black "Cowley, Robert"]
[Result "1-0"]
[WhiteElo "2150"]
[BlackElo "2142"]
[PlyCount "107"]
[EventDate "2010.02.02"]
[EventType "tourn"]
[EventRounds "9"]
[EventCountry "AUS"]
[SourceTitle "EXT 2023"]
[Source "ChessBase"]
[SourceDate "2022.10.05"]
[SourceVersion "1"]
[SourceVersionDate "2022.10.05"]
[SourceQuality "1"]

1. e4 c5 2. Nf3 e6 3. d4 cxd4 4. Nxd4 Nf6 5. Nc3 d6 6. Be3 a6 7. Qd2 b5 8. f3 h5 9. 0-0-0 Nbd7 10. Kb1 Bb7 11. Bd3 Be7 12. Rhe1 Rc8 13. h3 h4 14. Bf2 Ne5 15. f4 Nxd3 16. cxd3 Nd7 17. f5 e5 18. Nf3 b4 19. Ne2 d5 20. d4 dxe4 21. Nxe5 Nxe5 22. dxe5 Qxd2 23. Rxd2 Bg5 24. Rd4 a5 25. Nc1 0-0 26. Nb3 Bd8 27. Rd7 e3 28. Rxb7 exf2 29. Rf1 Re8 30. Rb5 Bc7 31. Rxf2 a4 32. Nd2 Rxe5 33. Rxe5 Bxe5 34. Nf3 Bf6 35. Rc2 Rxc2 36. Kxc2 Kf8 37. b3 axb3+ 38. Kxb3 Ke7 39. Kxb4 Kd6 40. Kc4 Bd8 41. Kd4 Bf6+ 42. Ke4 g6 43. Kf4 Bd8 44. fxg6 fxg6 45. Kg4 Ke6 46. Nxh4 Kf7 47. Nf3 Kf6 48. Kf4 Bc7+ 49. Ke4 Ba5 50. a4 Bb4 51. Nd4 Kg5 52. Nc6 Bc5 53. a5 Kh4 54. Kf3 1-0

[Event "South Australia-ch"]
[Site "Adelaide"]
[Date "2010.02.02"]
[Round "1"]
[White "Sheldrick, Kevin"]
[Black "Thiyagarajah, Anand"]
[Result "1/2-1/2"]
[WhiteElo "2150"]
[BlackElo "1917"]
[PlyCount "50"]
[EventDate "2010.02.02"]
[EventType "tourn"]
[EventRounds "9"]
[EventCountry "AUS"]
[SourceTitle "EXT 2023"]
[Source "ChessBase"]
[SourceDate "2022.10.05"]
[SourceVersion "1"]
[SourceVersionDate "2022.10.05"]
[SourceQuality "1"]

1. e4 d5 2. exd5 Qxd5 3. Nc3 Qa5 4. Nf3 Nf6 5. Bc4 Bg4 6. h3 Bh5 7. Qe2 Nbd7 8. d4 c6 9. Bd2 e6 10. Nd5 Qd8 11. Nf4 Bxf3 12. Qxf3 Nb6 13. Bxe6 fxe6 14. Nxe6 Qd7 15. 0-0-0 Kf7 16. Rhe1 Qd5 17. Qg3 Qxa2 18. Qc7+ Kg8 19. c3 Nc4 20. Qxb7 Na3 21. Bf4 Qb1+ 22. Kd2 Qc2+ 23. Ke3 Qe4+ 24. Kd2 Qc2+ 25. Ke3 Qe4+ 1/2-1/2

[Event "AUS-ch Major"]
[Site "Cammeray"]
[Date "2010.01.12"]
[Round "10"]
[White "Garner, David"]
[Black "Sheldrick, Kevin"]
[Result "1-0"]
[WhiteElo "2178"]
[BlackElo "1969"]
[PlyCount "147"]
[EventDate "2010.01.02"]
[EventType "swiss"]
[EventRounds "11"]
[EventCountry "AUS"]
[SourceTitle "EXT 2011"]
[Source "ChessBase"]
[SourceDate "2010.11.26"]
[SourceVersion "1"]
[SourceVersionDate "2010.11.26"]
[SourceQuality "1"]

1. e4 Nf6 2. e5 Nd5 3. d4 d6 4. Nf3 Bg4 5. Be2 c6 6. 0-0 Bxf3 7. Bxf3 dxe5 8. dxe5 e6 9. Nd2 Nd7 10. Re1 Qc7 11. Nc4 Bb4 12. c3 Be7 13. Qe2 0-0 14. a4 a5 15. Be4 Nc5 16. Bc2 Rfd8 17. Qg4 b5 18. Bh6 g6 19. Nd2 b4 20. c4 Nb6 21. Qg3 Qd7 22. Rad1 Nbxa4 23. Nf3 Qc7 24. Bc1 b3 25. Bb1 Nb6 26. Ng5 Rxd1 27. Rxd1 Rd8 28. Re1 Rd4 29. Qh3 Bxg5 30. Bxg5 Qxe5 31. Qc3 Qd6 32. Be7 Qf4 33. Bxc5 Rxc4 34. Qe3 Nd5 35. Qxf4 Nxf4 36. Bd6 Nd5 37. Kf1 Rd4 38. Be5 Rd2 39. Re2 Rd1+ 40. Re1 Rd2 41. Be4 Kf8 42. Bd6+ Ke8 43. Bxd5 Rxd5 44. Ba3 Rd4 45. Ke2 e5 46. Rc1 Re4+ 47. Kd3 Rd4+ 48. Ke3 Kd7 49. Rc5 Rd5 50. Rc3 a4 51. Rc4 Ra5 52. g4 f5 53. gxf5 gxf5 54. Rh4 c5 55. Rxh7+ Kd6 56. f4 Kd5 57. fxe5 Kxe5 58. Rc7 Kd5 59. Kf4 c4 60. Rd7+ Kc6 61. Rd6+ Kb5 62. Rd5+ Kb6 63. Rxa5 Kxa5 64. h4 Kb5 65. h5 c3 66. bxc3 Kc4 67. h6 b2 68. Bxb2 Kb3 69. Bc1 Kc2 70. Ba3 Kxc3 71. h7 Kb3 72. Bd6 a3 73. h8Q a2 74. Qa1 1-0